000 00793nam a22002417a 4500
001 77473
003 BD-RjUL
005 20211209082956.0
008 200924r19611911 ||||| |||| 00| 0 eng d
035 _a(BD-RjUL)77698
040 _aBD-RjUL
_beng
_cBD-RjUL
041 _aeng
082 _a822.33
_bSHW 1961
100 _aShakespeare, William
_9241566
245 1 4 _aThe works of William Shakespeare /
_cWilliam Shakespeare; edited by William George Clark and William Aldis Wright.
250 _anew ed.
260 _aLondon ;
_aNew York :
_bMacmillan ;
_bSt. Martin's Press,
_c1961
300 _a1211 pages ;
_c19 cm.
600 _aShakespeare, William,
_d1564-1616
_9241570
700 _aClark , William George.
_9241571
700 _aWright, William Aldis
_9241572
942 _2ddc
_cBK
999 _c77473
_d77473